Summary of research to increase efficiency of chemical fertilisers. (Record no. 23593)
[ view plain ]
| 000 -LEADER | |
|---|---|
| fixed length control field | 00306nam a2200109Ia 4500 |
| 082 ## - DEWEY DECIMAL CLASSIFICATION NUMBER | |
| Classification number | 631.82 |
| Item number | BRA |
| 100 ## - MAIN ENTRY--AUTHOR NAME | |
| Personal name | VRADY, N C |
| 245 #0 - TITLE STATEMENT | |
| Title | Summary of research to increase efficiency of chemical fertilisers. |
| 260 ## - PUBLICATION, DISTRIBUTION, ETC. (IMPRINT) | |
| Place of publication | Philippines |
| Name of publisher | IRRI |
| Year of publication | 1974 |
| 942 ## - ADDED ENTRY ELEMENTS (KOHA) | |
| Koha item type | Books |
| Withdrawn status | Lost status | Damaged status | Not for loan | Home library | Current library | Date acquired | Full call number | Accession Number | Koha item type |
|---|---|---|---|---|---|---|---|---|---|
| RRII Library | RRII Library | 16/12/2021 | 631.82 BRA | 04291 | Books |